Environmentálna bezpečnosť

Pojem environmentálna bezpečnosť. Potreba jednotného prístupu k environmentálnej bezpečnosti.

Gespeichert in:
Bibliographische Detailangaben
1. Verfasser: Jelšovská, Katarína
Weitere Verfasser: Mikulová, Eva
Format: Buchkapitel
Sprache:Slowakisch
Schlagworte:
Tags: Tag hinzufügen
Keine Tags, Fügen Sie das erste Tag hinzu!

MARC

LEADER 00000naa a2200000 4500
001 0118273
005 20231113113910.9
041 0 |a slo 
044 |a SK 
245 1 0 |a Environmentálna bezpečnosť  |c Katarína Jelšovská, Eva Mikulová 
520 |a Pojem environmentálna bezpečnosť. Potreba jednotného prístupu k environmentálnej bezpečnosti. 
610 2 0 |a politika environmentálna 
610 2 0 |a Slovensko 
610 2 0 |a zdroje prírodné 
610 2 0 |a prostredie životné 
610 2 0 |a bezpečnosť environmentálna 
100 1 |a Jelšovská, Katarína 
700 1 |a Mikulová, Eva